| 000 -LEADER |
| fixed length control field |
01008cam a22002654a 4500 |
| 001 - CONTROL NUMBER |
| control field |
12120174 |
| 005 - DATE AND TIME OF LATEST TRANSACTION |
| control field |
20180123044804.0 |
| 008 - FIXED-LENGTH DATA ELEMENTS--GENERAL INFORMATION |
| fixed length control field |
000727s2000 wiu b 000 0 eng |
| 010 ## - LIBRARY OF CONGRESS CONTROL NUMBER |
| LC control number |
00061069 |
| 020 ## - INTERNATIONAL STANDARD BOOK NUMBER |
| International Standard Book Number |
189185934X |
| 040 ## - CATALOGING SOURCE |
| Original cataloging agency |
DLC |
| Transcribing agency |
DLC |
| Modifying agency |
DLC |
| 041 ## - LANGUAGE CODE |
| Language code of text/sound track or separate title |
eng |
| 042 ## - AUTHENTICATION CODE |
| Authentication code |
pcc |
| 080 ## - UNIVERSAL DECIMAL CLASSIFICATION NUMBER |
| Universal Decimal Classification number |
371.3344678 don |
| 082 00 - DEWEY DECIMAL CLASSIFICATION NUMBER |
| Classification number |
371.3344678 don |
| Edition number |
21 |
| 100 1# - Rafti |
| Rafti |
46 |
| 101 ## - Shkurtesa |
| Shkurtesa |
edu |
| 245 10 - TITLE STATEMENT |
| Title |
147 practical tips for teaching online groups : |
| Statement of responsibility, etc |
by Donald E. Hanna, Michelle Glowacki-Dudka, Simone Conceição-Runlee. |
| 246 3# - VARYING FORM OF TITLE |
| Title proper/short title |
One hundred forty-seven practical tips for teaching online groups |
| 246 30 - VARYING FORM OF TITLE |
| Title proper/short title |
Essentials of Web-based education |
| 504 ## - BIBLIOGRAPHY, ETC. NOTE |
| Bibliography, etc |
Includes bibliographical references (p. 71-74). |
| 906 ## - LOCAL DATA ELEMENT F, LDF (RLIN) |
| a |
7 |
| b |
cbc |
| c |
orignew |
| d |
1 |
| e |
ocip |
| f |
20 |
| g |
y-gencatlg |
| 942 ## - ADDED ENTRY ELEMENTS (KOHA) |
| Source of classification or shelving scheme |
|
| Item type |
Books |